| 000 | 00661nam a2200169 a 4500 | ||
|---|---|---|---|
| 008 | 100916s1987 xx |||||||||||||| || u | ||
| 050 | _aCOMM(02) | ||
| 110 | _aCommonwealth Science Council, Commonwealth Secretarial | ||
| 245 | 1 | 0 | _aAgrogeology in Africa: proceedings of the seminar, 23-27 June 1986, Zomba, Malawi. |
| 260 |
_a _bLondon _c1987 |
||
| 300 | _a263p.: ill. | ||
| 350 | _a0.00 | ||
| 490 | _aCSC Technical publication series no. 226 | ||
| 650 | 0 | _aSOIL SCIENCE | |
| 650 | _aSOILS | ||
| 995 |
_D0.00 _FCBU-MAIN LIBRARY (Kitwe) _H1 _I0.00 _M1 _UAVAILABLE _WSep 16, 2010 _ZInternational Publications |
||
| 999 |
_c33993 _d33993 |
||